Catálogo público

Manejo integrado de maleza perenne en los cultivos de Sonora / Luis Miguel Tamayo Esquer (Record no. 209474)

MARC details
000 -CABECERA
campo de control de longitud fija 00708nam a2200229Ia 4500
001 - NÚMERO DE CONTROL
campo de control dia_4193
003 - IDENTIFICADOR DEL NÚMERO DE CONTROL
campo de control CHAP
005 - FECHA Y HORA DE LA ÚLTIMA TRANSACCIÓN
campo de control 20251014145659.0
008 - DATOS DE LONGITUD FIJA--INFORMACIÓN GENERAL
campo de control de longitud fija 220601s9999 xx 000 0 und d
040 ## - FUENTE DE LA CATALOGACIÓN
Centro catalogador/agencia de origen mxchpua
Normas de descripción rda
090 ## - LOCALMENTE ASIGNADO TIPO-LC NÚMERO DE CLASIFICACIÓN (OCLC); NÚMERO DE CLASIFICACIÓN LOCAL (RLIN)
Número de clasificación (OCLC) (R) ; Numero de clasificación, CALL (RLIN) (NR) FOLLETO 2694
100 ## - ENTRADA PRINCIPAL--NOMBRE DE PERSONA
Nombre de persona Tamayo Esquer, Luis Miguel
9 (RLIN) 176018
245 ## - MENCIÓN DE TÍTULO
Título Manejo integrado de maleza perenne en los cultivos de Sonora / Luis Miguel Tamayo Esquer
260 ## - PUBLICACIÓN, DISTRIBUCIÓN, ETC.
Lugar de publicación, distribución, etc. Sonora, México : INIFAP
300 ## - DESCRIPCIÓN FÍSICA
Extensión 96 p.
500 ## - NOTA GENERAL
Nota general S/c (Folleto técnico, 38)
650 ## - PUNTO DE ACCESO ADICIONAL DE MATERIA--TÉRMINO DE MATERIA
Término de materia o nombre geográfico como elemento de entrada 1. Maleza-Cultivos2. Maleza-SonoraÌ
9 (RLIN) 176019
901 ## - ELEMENTOS DE DATOS A LOCAL LDA (RLIN)
a FOLLETO 2694
902 ## - ELEMENTOS DE DATOS B LOCAL, LDB (RLIN)
a M
905 ## - ELEMENTOS DE DATOS E LOCAL, LDE (RLIN)
a 0000002000 mx A 0000000000spa00
942 ## - ELEMENTOS DE PUNTO DE ACCESO ADICIONAL (KOHA)
Tipo de ítem Koha Folleto
Fuente del sistema de clasificación o colocación Clasificación Universidad Autónoma de Chapingo
Holdings
Estado de retiro Estado de pérdida Fuente del sistema de clasificación o colocación Estado dañado No para préstamo Localización permanente Ubicación/localización actual Fecha de adquisición Total de préstamos Código de barras Fecha visto por última vez Número de copia Precio válido a partir de Tipo de ítem Koha
    Clasificación Universidad Autónoma de Chapingo     Ingenieria Agroindustrial Ingenieria Agroindustrial 01/06/2022   dia_FOLLETO 2694 01/06/2022 1 01/06/2022 Folleto